Finančná štruktúra podniku bakalárska práca

Na minha lista:
Detalhes bibliográficos
Autor principal: Belačičová, Barbora
Autor Corporativo: Fakulta podnikového manažmentu EU. Katedra podnikových financií
Outros Autores: Polednáková, Anna, 1957-
Formato: Livro
Idioma:eslovaco
Publicado em: Bratislava 2011
Tags: Adicionar Tag
Sem tags, seja o primeiro a adicionar uma tag!

MARC

LEADER 00000nbm a2200000 4500
001 0131221
005 20161109111416.3
041 0 |a slo 
044 |a SK 
245 1 0 |a Finančná štruktúra podniku  |b bakalárska práca  |c Barbora Belačičová ; školiteľ: Anna Polednáková 
264 1 |a Bratislava  |c 2011 
300 |a 41 s. 
100 1 |a Belačičová, Barbora 
700 1 |a Polednáková, Anna, 1957- 
710 2 |a Fakulta podnikového manažmentu EU. Katedra podnikových financií